000 00561nam a2200193 i 4500
001 58391
003 ES-MaACL
005 20230906163810.0
007 t|
008 031022s1967 sp a |||| | spa d
080 _a613.79
100 1 _aDurand de Bousingen, Robert.
_946264
245 1 3 _aLa relajación /
_cR. Durand de Bousingen ; traducción de Xavier Berenguer.
260 _aBarcelona :
_bVergara,
_c1967.
300 _a134 p. :
_bil. ;
_c18 cm.
650 4 _aRelajación.
_9149364
700 1 _aBerenguer, Xavier.
_927891
852 _aES-MaACL
_jC-33342
999 _c58391
_d58391